Suomen kaupungit - Statistics

Yleistilastot
  • Tätä visaa on pelattu 309 kertaa
  • Keskiarvotulos 10 / 15
Vastaustilastot
Hint Vastaus % Oikein
Pääkapunki Helsinki
100%
Joulupukin paja Rovaniemi
96%
Vanha pääkaupunki Turku
96%
Täällä on Tiedekeskus Heureka Vantaa
95%
Parhaat kalakukot Kuopio
84%
Rotuaari Oulu
80%
Täällä on meripäivät Kotka
77%
Maailman parhaimmat Karjalanpiirakat Joensuu
74%
Kainuun sydän Kajaani
73%
Hieno autotehdas Uusikaupunki
49%
Risteysasema Kouvola
48%
Suhkot iso kaupunki Vaasa
48%
Siellä on Tattoo Hamina
42%
Tehdään paljon paperia Imatra
36%
Siellä tehdään kirkasta Kitee
22%
Ehtoja vastaavia visoja ei löytynyt
Tulosjakauma
Jokaisen tuloksen saaneiden osuus
Persentiili vastausten määrän mukaan
Tuloshistoriasi
Et ole pelannut tätä visaa